স্যার সৈয়দ আহমদের পত্রাবলী / (Record no. 71424)
[ view plain ]
| 000 -LEADER | |
|---|---|
| fixed length control field | 00930nam a2200229 a 4500 |
| 001 - CONTROL NUMBER | |
| control field | 71424 |
| 003 - CONTROL NUMBER IDENTIFIER | |
| rucl marc code | BD-RjUL |
| 005 - DATE AND TIME OF LATEST TRANSACTION | |
| control field | 20211209082118.0 |
| 008 - FIXED-LENGTH DATA ELEMENTS--GENERAL INFORMATION | |
| fixed length control field | 170503s1967 bg |||| |||| 000 0 ben d |
| 035 ## - SYSTEM CONTROL NUMBER | |
| System control number | (BD-RjUL) 71640 |
| 040 ## - CATALOGING SOURCE | |
| Original cataloging agency | BD-RjUL |
| Language of cataloging | ben |
| Transcribing agency | BD-RjUL |
| 041 ## - LANGUAGE CODE | |
| Language code of text/sound track or separate title | eng |
| 082 ## - DEWEY DECIMAL CLASSIFICATION NUMBER | |
| Edition number | 23 |
| Classification number | 891.44608 |
| Author mark and year | AHS 1967 |
| 100 ## - MAIN ENTRY--PERSONAL NAME | |
| Personal name | আহমদ, সৈয়দ |
| 9 (RLIN) | 126301 |
| 245 10 - TITLE STATEMENT | |
| Title | স্যার সৈয়দ আহমদের পত্রাবলী / |
| Statement of responsibility, etc. | সৈয়দ আহমদ ; মুজীবুর রহমান অনূদিত |
| 260 ## - PUBLICATION, DISTRIBUTION, ETC. (IMPRINT) | |
| Place of publication, distribution, etc. | ঢাকা : |
| Name of publisher, distributor, etc. | বাংলা একাডেমী, |
| Date of publication, distribution, etc. | ১৯৬৭ |
| 300 ## - PHYSICAL DESCRIPTION | |
| Pagination | ৩১২ পৃ. ; |
| Size | ২২ সেমি. |
| 650 ## - SUBJECT ADDED ENTRY--TOPICAL TERM | |
| Topical term or geographic name as entry element | বাংলা পত্রাবলী |
| General subdivision | সংগ্রহ |
| 9 (RLIN) | 122902 |
| Topical term or geographic name as entry element | Bengali letters |
| General subdivision | Collection |
| 9 (RLIN) | 122903 |
| 700 ## - ADDED ENTRY--PERSONAL NAME | |
| Personal name | রহমান, মুজীবুর অনূদিত |
| 942 ## - ADDED ENTRY ELEMENTS (KOHA) | |
| Source of classification or shelving scheme | Dewey Decimal Classification |
| Koha item type | Books |
| Lost status | Source of classification or shelving scheme | Damaged status | Not for loan | Collection code | Permanent Location | Current Location | Shelving location | Date acquired | Source of acquisition | Cost, normal purchase price | Total Checkouts | Full call number | Date last seen | Copy number | Koha item type |
|---|---|---|---|---|---|---|---|---|---|---|---|---|---|---|---|
| Dewey Decimal Classification | Not For Loan | Non-fiction | Central Library, University of Rajshahi | Central Library, University of Rajshahi | Reading Room | 15/06/1968 | Nowroze | 9.00 | B 891.44608 AHS 1967 | 03/05/2017 | C-1 | Books |